CHITTY ON CONTRACTS (Record no. 9547)

MARC details
000 -LEADER
fixed length control field 00334nam a22001577a 4500
003 - CONTROL NUMBER IDENTIFIER
control field SGT
020 ## - INTERNATIONAL STANDARD BOOK NUMBER
International Standard Book Number 9780414047990
082 ## - DEWEY DECIMAL CLASSIFICATION NUMBER
Classification number 346.42022,CHI
100 ## - MAIN ENTRY--PERSONAL NAME
Personal name CHITTY, JOSEPH,
245 ## - TITLE STATEMENT
Title CHITTY ON CONTRACTS
250 ## - EDITION STATEMENT
Edition statement 21ST
260 ## - PUBLICATION, DISTRIBUTION, ETC. (IMPRINT)
Place of publication, distribution, etc LONDON
Name of publisher, distributor, etc SWEET & MAXWELL
Year of Publication 2012
300 ## - PAGE DESCRIPTION
No. of Pages 2480
650 ## - SUBJECT ADDED ENTRY--TOPICAL TERM
Topical term or geographic name as entry element CONTRACT
942 ## - ADDED ENTRY ELEMENTS (KOHA)
Source of classification or shelving scheme Dewey Decimal Classification
Koha item type Books
Holdings
Withdrawn status Lost status Source of classification or shelving scheme Damaged status Not for loan Collection code Home library Current library Shelving location Date acquired Vendor Name Cost, normal purchase price Volume Information (Serial or Books or Non-Book Material) SGTU Bill Number Full call number Accession No. (Barcode) Date last seen Bill Date Koha item type Total Checkouts
    Dewey Decimal Classification   Not For Loan LAW SGT Science & Social Sciences Library SGT Science & Social Sciences Library Reference Book 19/07/2016 SATYAM BOOKS 495.00 1 SGTU 985 346.42022,CHI FL14 19/07/2016 22/01/2014 Books  
    Dewey Decimal Classification   Not For Loan LAW SGT Science & Social Sciences Library SGT Science & Social Sciences Library Reference Book 19/07/2016 SATYAM BOOKS 519.00 2 SGTU 985 346.42022,CHI FL15 19/07/2016 22/01/2014 Books